000 00905nam a2200349Ia 4500
001 AUWbook000048
003 BDCtgAUW
005 20260406154803.0
008 220908s9999 xx 000 0 eng d
020 _a0141185066
020 _a0142000663
040 _aBDCtgAUW
_cBDCtgAUW
050 _aPS3537.T3234G8
100 1 _aSteinback, John.
_92226
245 0 _aThe grapes of wrath.
260 _aPenguin Books :
_bNew York,
_c2000.
650 0 _aAmerican literature.
650 0 _aDepressions.
650 0 _aDomestic fiction.
650 0 _aLabor camps.
650 0 _aMigrant agricultural laborers.
650 0 _aPolitical fiction.
650 0 _aRural families.
651 0 _aCalifornia.
_978634
651 0 _aOklahoma
_xHistory.
_978635
655 7 _aFiction.
_2lcgft
_973569
700 1 _aSteinbeck, John.
887 _a BRAC
_22982
888 _22982
942 _cBK
_00
945 _cBK
999 _c16381
_d16381